000 00509nam a22001697a 4500
999 _c8457
_d8457
008 201125b ||||| |||| 00| 0 eng d
040 _aBMS College of Architecture
100 _aAgarwal, prachi
245 _aHeritage centre- Begur
300 _a51p.
500 _a1BM14AT063
502 _8B,Arch
_NBMS College of Architecture, Visvesvaraya Technological University (VTU)
_aProject report
_d2018
650 _aHeritage
700 _aNeetha S N
_eGuide
700 _aPraveen Alva
_eGuide
942 _2ddc
_cTHE